I Think I’m Paranoid - Garbage (All Lyrics) - Statistics

General Stats
  • This quiz has been taken 22 times
  • The average score is 179 of 238
Answer Stats
Lyrics % Correct
a
100%
I
100%
I
100%
I
100%
I'm
100%
me,
100%
me
100%
think
100%
You
100%
you
100%
you,
100%
paranoid
92%
And
85%
and
85%
any
85%
can
85%
is
85%
it
85%
to
85%
want
85%
All
77%
Bend
77%
Bend,
77%
break
77%
can't
77%
complicated
77%
All
77%
way
77%
As
69%
as
69%
do
69%
it's
69%
need
69%
anyway
62%
like
62%
long
62%
alright
54%
baby,
54%
breaking
54%
but
54%
don't
54%
down
54%
easy
54%
If
54%
if
54%
Manipulate
54%
my
54%
what
54%
with
54%
another
46%
girl
46%
go
46%
just
46%
look
46%
Love
46%
much
46%
pill
46%
the
46%
ahead
38%
fall
38%
give
38%
Heaven
38%
knows
38%
leave
38%
never
38%
should
38%
thrill
38%
touch
38%
up
38%
you've
38%
fail,
31%
Please
31%
pole
31%
Prop
31%
prove
31%
sticking
31%
deal
23%
nailed
23%
faith
23%
fight
23%
got
23%
Steal
23%
tease
23%
change
15%
come
15%
fold
15%
heal
15%
tame
8%
Maim
0%
No matching quizzes found
Score Distribution
Percent of People with Each Score
Percentile by Number Answered
Your Score History
You have not taken this quiz